NCAA Women's Basketball Champions Quiz Stats

 Plays Quiz Updated Apr 4, 2021

Support Sporcle.
Go Orange.
Score 0/39 Timer 04:00
1 Play Today
Year Champion % Correct
1995Connecticut
98.3%
2010Connecticut
98.3%
2013Connecticut
98.3%
2014Connecticut
98.3%
2015Connecticut
98.3%
2016Connecticut
98.3%
2000Connecticut
98.3%
2002Connecticut
98.3%
2003Connecticut
98.3%
2004Connecticut
98.3%
2009Connecticut
98.3%
2021Stanford
96.5%
1987Tennessee
92.7%
1989Tennessee
92.7%
1991Tennessee
92.7%
1996Tennessee
92.7%
1997Tennessee
92.7%
1998Tennessee
92.7%
2007Tennessee
92.7%
2008Tennessee
92.7%
Year Champion % Correct
2018Notre Dame
89.9%
2001Notre Dame
87.4%
1990Stanford
81.8%
1992Stanford
81.8%
2019Baylor
78.2%
2012Baylor
70.1%
2005Baylor
70%
1982Louisiana Tech
67.8%
1988Louisiana Tech
67.8%
1994North Carolina
66.9%
1983USC
66.2%
1984USC
66.2%
2017South Carolina
65.3%
1986Texas
63.6%
1999Purdue
59.2%
1985Old Dominion
47.2%
2006Maryland
41.5%
2011Texas A&M
32%
1993Texas Tech
28.5%

You're not logged in!

Compare scores with friends on all Sporcle quizzes.
OR
Log In

From the Vault

'90s Movies Only

by babymonkee

Other decades aren't welcome.
Remove Ads.
Support Sporcle.
Get the best of Sporcle when you Go Orange. This ad-free experience offers more features, more stats, and more fun while also helping to support Sporcle. Thank you for becoming a member.

Show Comments

Extras

Top Quizzes Today


Score Distribution

Your Account Isn't Verified!

In order to create a playlist on Sporcle, you need to verify the email address you used during registration. Go to your Sporcle Settings to finish the process.

Report this User

Report this user for behavior that violates our Community Guidelines.

Details: